Churdhara aru pimpora gusuwa jhumura aru ajyodha kunda (Record no. 2578)

MARC details
000 -LEADER
fixed length control field 00623cam a2200217ua 4500
001 - CONTROL NUMBER
control field 2731
005 - DATE AND TIME OF LATEST TRANSACTION
control field 20260515113550.0
008 - FIXED-LENGTH DATA ELEMENTS--GENERAL INFORMATION
fixed length control field 111128n ii |||gr||||Z||||||asm
040 ## - CATALOGING SOURCE
Transcribing agency MAIN
082 ## - DEWEY DECIMAL CLASSIFICATION NUMBER
Classification number 891.4512
100 ## - MAIN ENTRY--PERSONAL NAME
Personal name Madhav deva,
Relator term Author.
245 11 - TITLE STATEMENT
Title Churdhara aru pimpora gusuwa jhumura aru ajyodha kunda
Statement of responsibility, etc. by Madhavdeva
250 ## - EDITION STATEMENT
Edition statement 2nd.
260 ## - PUBLICATION, DISTRIBUTION, ETC.
Place of publication, distribution, etc. Guahati:
Name of publisher, distributor, etc. Jyoti prakashan,994.
300 ## - PHYSICAL DESCRIPTION
Extent 214p:
Dimensions 23cm.
653 ## - INDEX TERM--UNCONTROLLED
Uncontrolled term Assamese drama
653 ## - INDEX TERM--UNCONTROLLED
Uncontrolled term Churdhara aru pimpora gusuwa jhumura aru ajyodha kunda
700 ## - ADDED ENTRY--PERSONAL NAME
Personal name Kandali, Madhav,
Relator term Author.
700 ## - ADDED ENTRY--PERSONAL NAME
Personal name Hazarika, Minati,
Relator term Editor.
942 ## - ADDED ENTRY ELEMENTS (KOHA)
Koha item type Books
Holdings
Withdrawn status Lost status Damaged status Not for loan Home library Current library Shelving location Date acquired Total checkouts Full call number Barcode Date last seen Copy number Price effective from Koha item type
        Naharkatiya College Library Naharkatiya College Library General stacks 09/19/2020   891.4512 | MAD 9642 09/19/2020 2 09/19/2020 Books
        Naharkatiya College Library Naharkatiya College Library General stacks 09/19/2020   891.4512 | MAD 9643 09/19/2020 1 09/19/2020 Books
        Naharkatiya College Library Naharkatiya College Library General stacks 09/19/2020   891.4512 | MAD 9644 09/19/2020 3 09/19/2020 Books